Dealing with financial risk (Record no. 254483)

MARC details
000 -LEADER
fixed length control field 00712nam a2200217Ia 4500
008 - FIXED-LENGTH DATA ELEMENTS--GENERAL INFORMATION
fixed length control field 191130s2010##################000#0#eng##
020 ## - INTERNATIONAL STANDARD BOOK NUMBER
ISBN 9781861975911
082 ## - DEWEY DECIMAL CLASSIFICATION NUMBER
Classification number 658.155 SHI
100 ## - MAIN ENTRY--AUTHOR NAME
Personal name Shirreff, David
245 ## - TITLE STATEMENT
Title Dealing with financial risk
Statement of responsibility, etc David Shirreff
260 ## - PUBLICATION, DISTRIBUTION, ETC. (IMPRINT)
Place of publication London
Name of publisher Economist Books
Year of publication 2010
300 ## - PHYSICAL DESCRIPTION
Number of Pages vii, 214 p. : ill. ; 23 cm.
500 ## - GENERAL NOTE
General note At head of title: The economist. Includes bibliographical references (p. 188-189) and index
650 ## - SUBJECT ADDED ENTRY--TOPICAL TERM
Topical Term Business enterprises - Finance
Topical Term Risk management
Topical Term Risk management - Case studies
991 ## -
-- 450671
Holdings
Withdrawn status Lost status Damaged status Not for loan Home library Current library Shelving location Date acquired Full call number Accession Number Price effective from Koha item type
        Anna Centenary Library Anna Centenary Library 6TH FLOOR, A WING 13.10.2020 658.155 SHI 580778 13.10.2020 English Books
        Anna Centenary Library Anna Centenary Library 6TH FLOOR, A WING 13.10.2020 658.155 SHI 580779 13.10.2020 English Books

Find us on the map